| 000 | 00844nam a22001697a 4500 | ||
|---|---|---|---|
| 999 |
_c61552 _d61552 |
||
| 005 | 20240325102110.0 | ||
| 008 | 240325c1999 ge ||||| |||| 00| 0 geo d | ||
| 041 | _ageo | ||
| 245 |
_aძიებანი : _cრედ. ო. ლორთქიფანიძე; საქართველოს მეცნიერებათა აკადემიის არქეოლოგიური კვლევის ცენტრი. |
||
| 260 |
_aთბილისი, _c1998- |
||
| 300 | _aV. | ||
| 521 | _aპარალ სათ. რუს. და ინგლ. | ||
| 653 | _a ძიებანი საქართველოს არქეოლოგიაში | ||
| 653 | _aპერიოდიკა | ||
| 700 |
_aლორთქიფანიძე, ო. _eრედაქტორი _917578 |
||
| 942 |
_2udc _cCR |
||